Statistics for Waiting On A Miracle - Encanto (All Lyrics)

Click here to take the quiz!

General Stats

  • This quiz has been taken 809 times
  • The average score is 202 of 244

Answer Stats

Waiting On A Miracle% Correct
a
99%
I
98%
on
96%
miracle?
95%
miracle
95%
the
94%
waiting
94%
Waiting
94%
can
93%
i'm
92%
I'm
92%
do
91%
do?
91%
all
90%
All
90%
Am
90%
am
90%
can't
90%
Can't
90%
mountains
90%
flowers
89%
make
89%
Make
89%
move
89%
or
89%
up
89%
you
89%
to
88%
be
87%
mad
87%
not
87%
of
87%
And
86%
and
86%
at
86%
what
86%
bloom
85%
Verse 1Don't
85%
fine
85%
heal
85%
in
85%
family
84%
my
84%
When
84%
sad
83%
as
82%
broken
82%
for
82%
Madrigal
82%
part
82%
still
82%
Who
82%
hurricane
81%
room
81%
shine
81%
feel
80%
rain
80%
upset
80%
what's
80%
will
79%
another
78%
control
78%
is
78%
night
78%
side
78%
morning
77%
totally
77%
me
76%
so
76%
take
76%
would
76%
grow
75%
Like
75%
like
75%
stand
75%
your
75%
need
74%
new
74%
regret
74%
chance
71%
change
71%
eyes
71%
go
71%
Open
71%
that
71%
trees
71%
Always
70%
door
70%
ready
70%
Stay
70%
too
70%
know
69%
late
69%
more
69%
us
69%
Come
68%
down
68%
Hey
68%
just
68%
keep
68%
pain
68%
this
68%
wanting
68%
Show
66%
sick
66%
something
65%
unspoken
65%
where
65%
here
64%
invisible
64%
now
64%
steady
64%
alone
63%
gave
62%
let
62%
Longing
62%
Bless
61%
those
61%
walking
61%
years
61%
ago
60%
been
58%
blessed
58%
inside
58%
I've
58%
please
58%
patient
56%
Someone
56%
steadfast
54%

Score Distribution

Percentile by Number Answered

Percent of People with Each Score

Your Score History

You have not taken this quiz